Statistics for Simon and Garfunkel - Their Five Albums

Click here to take the quiz!

General Stats

  • This quiz has been taken 81 times
  • The average score is 4 of 5

Answer Stats

YearChart
pos'n
Album% Correct
19701Bridge Over Troubled Water
94%
196624Sounds of Silence
83%
19681Bookends
81%
19664Parsley, Sage, Rosemary and Thyme
74%
196430Wednesday Morning, 3am
67%

Score Distribution

Percentile by Number Answered

Percent of People with Each Score

Your Score History

You have not taken this quiz